[Event "Zagreb Damjanovic Memorial 1st"]
[Site "Zagreb"]
[Date "2016.11.12"]
[Round "4"]
[White "Cebalo, Miso"]
[Black "Banek, Kresimir"]
[Result "1-0"]
[WhiteElo "2357"]
[BlackElo "2061"]
[PlyCount "76"]
[EventDate "2016.11.10"]
[EventType "swiss"]
[EventRounds "9"]
[EventCountry "CRO"]
[SourceTitle "CBM 175 Extra"]
[Source "ChessBase"]
[SourceDate "2016.12.12"]
[SourceVersion "1"]
[SourceVersionDate "2016.12.12"]
[SourceQuality "1"]

1. d4 Nf6 2. Bg5 d5 3. e3 c5 4. Bxf6 exf6 5. Nc3 c4 6. a3 Nc6 7. g3 Be6 8. Bg2 Qd7 9. h3 Be7 10. Qf3 0-0-0 11. Nge2 g5 12. g4 h5 13. Ng3 hxg4 14. hxg4 Rxh1+ 15. Bxh1 Qc7 16. Nf5 Bf8 17. Kd2 Qa5 18. Rb1 b5 19. Ng3 b4 20. axb4 Bxb4 21. Nge2 Kc7 22. Qxf6 Bxg4 23. f3 Be6 24. Qxg5 Rh8 25. Bg2 Rb8 26. f4 Ba3 27. f5 Bd7 28. Qf4+ Bd6 29. Qf3 Nb4 30. Qf1 Na2 31. Bxd5 f6 32. Bxc4 Nxc3 33. Nxc3 Rh8 34. Ra1 Rh2+ 35. Be2 Qb4 36. Rxa7+ Kd8 37. Qg1 Bxf5 38. Qg8+ Bf8 1-0

[Event "Zagreb Hulak Memorial op 1st"]
[Site "Zagreb"]
[Date "2016.06.12"]
[Round "4"]
[White "Banek, Kresimir"]
[Black "Biti, Ozren"]
[Result "0-1"]
[WhiteElo "2023"]
[BlackElo "2354"]
[PlyCount "150"]
[EventDate "2016.06.10"]
[EventType "swiss"]
[EventRounds "9"]
[EventCountry "CRO"]
[SourceTitle "CBM 173 Extra"]
[Source "ChessBase"]
[SourceDate "2016.08.29"]
[SourceVersion "1"]
[SourceVersionDate "2016.08.29"]
[SourceQuality "1"]

1. e4 d6 2. d4 Nf6 3. Nc3 e5 4. Nf3 Nbd7 5. Bc4 Be7 6. 0-0 0-0 7. h3 c6 8. a4 a5 9. Be3 exd4 10. Bxd4 Qc7 11. Qe2 Ne5 12. Bb3 Nxf3+ 13. Qxf3 Be6 14. Bxe6 fxe6 15. Qg3 e5 16. Be3 Qd7 17. Rad1 Qe6 18. Rfe1 Qc4 19. Bg5 Rf7 20. Qd3 Qe6 21. Qe2 Bf8 22. Rd3 Re8 23. Bxf6 Rxf6 24. Rf3 Rxf3 25. Qxf3 Qc4 26. Rd1 Qc5 27. Rd3 Re7 28. Qe3 Qb4 29. b3 Rf7 30. Qe2 Qa3 31. Qd2 Be7 32. Nd1 Qc5 33. Qc3 Qxc3 34. Nxc3 Rf6 35. Nd1 Bd8 36. Kf1 Kf7 37. Ke2 Ke6 38. Ne3 Bc7 39. Nf5 g6 40. Ne3 Bb6 41. f3 Rf8 42. Nc4 Bc7 43. Ne3 Rd8 44. Rc3 Ra8 45. Rd3 Bb6 46. c3 Bc5 47. Rd2 Ra6 48. Rb2 Ra7 49. Nc2 Ra8 50. Kd3 d5 51. exd5+ cxd5 52. b4 axb4 53. cxb4 Bd6 54. Ra2 b6 55. a5 Ra6 56. Kc3 Bc7 57. Kb3 bxa5 58. b5 Rd6 59. Na3 Bb6 60. Rc2 Kf5 61. Ka4 e4 62. fxe4+ Kxe4 63. Rc8 Re6 64. Rh8 h5 65. Rc8 Kd3 66. Rc6 Re4+ 67. Kb3 a4+ 68. Ka2 Re2+ 69. Kb1 Re1+ 70. Ka2 Bd4 71. Nb1 Re2+ 72. Ka3 Rb2 73. Kxa4 Rxb1 74. Rxg6 Kc4 75. Rc6+ Bc5 0-1